00440 2200181 4500001002100000005001500021008004100036020002200077035001900099041000700118082000800125090001400133100001400147245003600161260003000197300002000227650001100247INLIS00000000001416220241224114706241224||||||||| | ||| |||| || |  a978-602-8285-74-2 0010-1224014162 aid0 a398 a398 TIM i0 aKONPRENSI00aIKAN AJAIB PENINGALAN PARA WALI aBandungbAzka Pressc2008 a57hlm;17.5x25cm 0aFolkor